The thought of Nirad C. Chaudhuri : Islam, empire, and loss : /
| Autor Principal: | |
|---|---|
| Formato: | Libro |
| Idioma: | English |
| Publicado: |
New York :
Cambridge University Press,
2015.
|
| Subjects: | |
| Acceso en liña: | Table of contents only Publisher description Contributor biographical information |
| Classic Catalogue: | View this record in Classic Catalogue |
| LEADER | 01453nam a2200325 i 4500 | ||
|---|---|---|---|
| 001 | 31533 | ||
| 003 | BD-DhAAL | ||
| 005 | 20211121110459.0 | ||
| 008 | 161215s2015 nyu b 001 0 eng | ||
| 999 | |c 37900 |d 37900 | ||
| 010 | |a 2015008922 | ||
| 020 | |a 9781107094437 | ||
| 040 | |a DLC |b eng |c DLC |e rda |d DLC |d BD-DhAAL | ||
| 042 | |a pcc | ||
| 050 | 0 | 0 | |a DS435.7.C5 |b A46 2015 |
| 082 | 0 | 0 | |a 954.14031092 |2 23 |
| 100 | 1 | |a Almond, Ian, |d 1969- |9 20823 | |
| 245 | 1 | 4 | |a The thought of Nirad C. Chaudhuri : |b Islam, empire, and loss : / |c Ian Almond, Georgetown University School of Foreign Service in Qatar. |
| 264 | 1 | |a New York : |b Cambridge University Press, |c 2015. | |
| 300 | |a ix, 189 pages ; |c 24 cm | ||
| 504 | |a Includes bibliographical references (pages 174-181) and index. | ||
| 526 | |a ENH | ||
| 541 | |e 31533 | ||
| 600 | 1 | 0 | |a Chaudhuri, Nirad C., |d 1897-1999. |9 20824 |
| 650 | |a English literature. |9 42887 | ||
| 856 | 4 | 1 | |3 Table of contents only |u http://www.loc.gov/catdir/enhancements/fy1508/2015008922-t.html |
| 856 | 4 | 2 | |3 Publisher description |u http://www.loc.gov/catdir/enhancements/fy1508/2015008922-d.html |
| 856 | 4 | 2 | |3 Contributor biographical information |u http://www.loc.gov/catdir/enhancements/fy1508/2015008922-b.html |
| 942 | |2 ddc |c BK | ||
| 952 | |0 0 |1 0 |2 ddc |4 0 |6 954_140310920000000_ALM |7 0 |9 59883 |a BRACUL |b BRACUL |c GEN |d 2016-12-10 |e Karim International |g 8200.00 |l 2 |o 954.14031092 ALM |p 3010031533 |r 2017-07-10 |s 2017-03-09 |t 1 |v 8200.00 |w 2016-12-10 |y BK | ||